000
00201 a2200097 4500
001
11810
100
_a
Berle, A.A.
245
_a
Tides of crisis
260
_a
_b
Macmillan & Co
_c
090
_c
9066
_d
9066
942
_a
NUST-CAE
_c
M
_c
35896
999
_c
246883
_d
246883